000
00245nam a2200097Ia 4500
001
1206253
005
20251009141511.0
008
250824s9999 xx 000 0 und d
245
0
_a
HER YERDE KAN VAR
_c
AYŞE KULİN
260
_b
EVEREST YAYINLARI
999
_c
1206253
_d
1206253